000 00330nam a22001457a 4500
020 _a91-22-8375302
041 _aENG
100 _aSucheta.b
245 _aAluminium in Packaging
250 _a3rd Edition
260 _aMumbai
_bIndian Institute of Packasing
_c1998
300 _a782
650 _aAPE ( 02 )
856 _uAPE ( 02 )
999 _c2876
_d2876